000 00332nam a22001457a 4500
020 _a978-*93-83080-56-4
082 _a894.812.1
_bPIL/H
100 _aN.B.PILLA, PINDANI
245 _a108 KUTTIKKAVITHAKAL
260 _aTHRISSUR
_bH & C PUBLISHING HOUSE
_c2012
300 _a80
520 _aPOETRY
650 _aPOETRY
942 _cBK
999 _c4547
_d4547